Vista normal
Vista MARC
- Partal Ureña, Antonio
Entrada Personal Name
Número de registros utilizados en: 1
001 - CONTROL NUMBER
- control field: 75632
003 - CONTROL NUMBER IDENTIFIER
- control field: OSt
005 - DATE AND TIME OF LATEST TRANSACTION
- control field: 20230504111724.0
008 - FIXED-LENGTH DATA ELEMENTS
- fixed length control field: 230504|| aca||aabn | a|a d
040 ## - CATALOGING SOURCE
- Original cataloging agency: OSt
- Transcribing agency: OSt
100 ## - HEADING--PERSONAL NAME
- Personal name: Partal Ureña, Antonio
670 ## - SOURCE DATA FOUND
- Source citation: Work cat.: (OSt)13519: Partal Ureña, Antonio, Introducción a las finanzas empresariales